Property in the economy (Record no. 108640)
[ view plain ]
| 000 -LEADER | |
|---|---|
| fixed length control field | 01242cad a22002175a 4500 |
| 001 - CONTROL NUMBER | |
| control field | L144874 |
| 008 - FIXED-LENGTH DATA ELEMENTS--GENERAL INFORMATION | |
| fixed length control field | 080815s2008 xxk f s 000 0 eng d |
| 035 ## - SYSTEM CONTROL NUMBER | |
| System control number | (Sirsi) u144874 |
| 041 0# - LANGUAGE CODE | |
| Language code of text/sound track or separate title | eng |
| 050 04 - LIBRARY OF CONGRESS CALL NUMBER | |
| Classification number | 333.33 $2 18 |
| 100 1# - MAIN ENTRY--PERSONAL NAME | |
| Personal name | Thompson, Brian |
| 245 00 - TITLE STATEMENT | |
| Title | Property in the economy |
| Remainder of title | workplace design and productivity |
| -- | are they inextricably linked? |
| Medium | [electronic resource] |
| 260 ## - PUBLICATION, DISTRIBUTION, ETC. | |
| Place of publication, distribution, etc. | London |
| Name of publisher, distributor, etc. | RICS |
| Date of publication, distribution, etc. | 2008 |
| 490 #0 - SERIES STATEMENT | |
| Series statement | RICS Property in the Economy |
| 520 ## - SUMMARY, ETC. | |
| Summary, etc. | Written with the aim of pushing the issue of workplace productivity higher up the agenda, discusses the losses to UK business as a result of inefficient workplaces. Highlights the fact that relatively small increases in occupier productivity can lead to significant cost savings. Makes recommendations for the wider property industry including, the need for better understanding of the needs of occupiers before, during and after property is procured, or even following refurbishment. Includes a self-assessment questionnaire for organisations to assess their awareness of productivity in their workplace. |
| 521 2# - TARGET AUDIENCE NOTE | |
| Target audience note | Advanced |
| 590 ## - LOCAL NOTE (RLIN) | |
| Local note | KA |
| 651 #4 - SUBJECT ADDED ENTRY--GEOGRAPHIC NAME | |
| Geographic name | United Kingdom |
| Chronological subdivision | |
| 690 ## - LOCAL SUBJECT ADDED ENTRY--TOPICAL TERM (OCLC, RLIN) | |
| Topical term or geographic name as entry element | PROPERTY-COMMERCIAL PROPERTY-COMMERCIAL PROPERTY MARKET |
| 942 ## - ADDED ENTRY ELEMENTS (KOHA) | |
| Suppress in OPAC | 0 |
| Withdrawn status | Lost status | Source of classification or shelving scheme | Damaged status | Not for loan | Home library | Current library | Shelving location | Date acquired | Total Checkouts | Full call number | Barcode | Date last seen | Copy number | Price effective from | Koha item type |
|---|---|---|---|---|---|---|---|---|---|---|---|---|---|---|---|
| Dewey Decimal Classification | Virtual | Virtual | Online | 15/08/2008 | ONLINE PUBLICATION | 144874-2001 | 06/08/2019 | 1 | 06/08/2019 | Book |